Learning theory and social work / (Record no. 5936)
[ view plain ]
| 000 -LEADER | |
|---|---|
| fixed length control field | 00866nam a2200301 i 4500 |
| 001 - CONTROL NUMBER | |
| control field | 5936 |
| 003 - CONTROL NUMBER IDENTIFIER | |
| rucl marc code | BD-RjUL |
| 005 - DATE AND TIME OF LATEST TRANSACTION | |
| control field | 20211208234145.0 |
| 008 - FIXED-LENGTH DATA ELEMENTS--GENERAL INFORMATION | |
| fixed length control field | 140108r19751967enka b 001 0 eng |
| 020 ## - INTERNATIONAL STANDARD BOOK NUMBER | |
| International Standard Book Number | 0710016085 |
| International Standard Book Number | 0710081731 (pbk) |
| 035 ## - SYSTEM CONTROL NUMBER | |
| System control number | (BD-RjUL)5975 |
| 040 ## - CATALOGING SOURCE | |
| Original cataloging agency | DLC |
| Transcribing agency | DLC |
| Modifying agency | DLC |
| -- | BD-RjUL |
| Language of cataloging | eng |
| 041 ## - LANGUAGE CODE | |
| Language code of text/sound track or separate title | eng |
| 082 00 - DEWEY DECIMAL CLASSIFICATION NUMBER | |
| Classification number | 153.1502436 |
| Author mark and year | JEL 1975 |
| 100 1# - MAIN ENTRY--PERSONAL NAME | |
| Personal name | Jehu, Derek. |
| 9 (RLIN) | 18657 |
| 245 10 - TITLE STATEMENT | |
| Title | Learning theory and social work / |
| Statement of responsibility, etc. | Derek Jehu. |
| 260 ## - PUBLICATION, DISTRIBUTION, ETC. (IMPRINT) | |
| Place of publication, distribution, etc. | London : |
| Name of publisher, distributor, etc. | Routledge and Kegan Paul, |
| Date of publication, distribution, etc. | 1967 [printing1975 ] |
| 300 ## - PHYSICAL DESCRIPTION | |
| Pagination | viii, 139 p. : |
| Illustrations | ill. ; |
| Size | 22 cm. |
| 500 ## - GENERAL NOTE | |
| General note | Includes index. |
| 504 ## - BIBLIOGRAPHY, ETC. NOTE | |
| Bibliography, etc | Bibliography: p. 118-136. |
| 650 #0 - SUBJECT ADDED ENTRY--TOPICAL TERM | |
| Topical term or geographic name as entry element | Behavior modification. |
| 9 (RLIN) | 5272 |
| Topical term or geographic name as entry element | Personality. |
| 9 (RLIN) | 18658 |
| Topical term or geographic name as entry element | Social case work. |
| 9 (RLIN) | 18659 |
| 942 ## - ADDED ENTRY ELEMENTS (KOHA) | |
| Source of classification or shelving scheme | Dewey Decimal Classification |
| Koha item type | Books |
| Lost status | Source of classification or shelving scheme | Damaged status | Not for loan | Collection code | Permanent Location | Current Location | Shelving location | Date acquired | Source of acquisition | Cost, normal purchase price | Total Checkouts | Full call number | Date last seen | Copy number | Koha item type |
|---|---|---|---|---|---|---|---|---|---|---|---|---|---|---|---|
| Dewey Decimal Classification | Non-fiction | Central Library, University of Rajshahi | Central Library, University of Rajshahi | 19/05/1977 | Heffer and Sons | 2.75 | 153.1502436 JEL 1975 | 08/01/2014 | C-2 | Books | |||||
| Dewey Decimal Classification | Non-fiction | Central Library, University of Rajshahi | Central Library, University of Rajshahi | 19/05/1977 | Heffer and Sons | 2.25 | 153.1502436 JEL 1975 | 02/10/2016 | C-3 | Books | |||||
| Dewey Decimal Classification | Not For Loan | Non-fiction | Central Library, University of Rajshahi | Central Library, University of Rajshahi | Reading Room | 19/05/1977 | W. Heffer & Sons | 2.75 | 153.1502436 JEL 1975 | 21/09/2021 | C-1 | Books |